| Tag |
First Indicator |
Second Indicator |
Subfields |
| LEADER |
00000cam a22000007 4500 |
| 001 |
in00000008285 |
| 005 |
20151002090008.0 |
| 008 |
861205s1962 txua c 00010 eng d |
| 035 |
|
|
|a (OCoLC)14928865
|
| 035 |
|
|
|9 AAA0663AM
|
| 040 |
|
|
|a YJE
|c YJE
|d TXA
|d UtOrBLW
|
| 050 |
|
4 |
|a N7680
|b .U8 1962
|
| 110 |
2 |
|
|a University of St. Thomas.
|
| 245 |
1 |
4 |
|a The age of the thousand flowers ;
|b an exhibition of works by artists past and present : March 9, 1962, April 30, Jones Hall, University of St. Thomas.
|
| 264 |
|
1 |
|a Houston :
|b [publisher not identified],
|c [1962]
|
| 300 |
|
|
|a 1 volume :
|b illustrations ;
|c 23 cm.
|
| 336 |
|
|
|a text
|b txt
|2 rdacontent
|
| 337 |
|
|
|a unmediated
|b n
|2 rdamedia
|
| 338 |
|
|
|a volume
|b nc
|2 rdacarrier
|
| 650 |
|
0 |
|a Flowers in art.
|
| 999 |
|
|
|a MARS
|
| 999 |
f |
f |
|s 8dc15189-2a90-374a-82e7-b07cf4e3f9c1
|i 3c84c6b9-fde8-318e-935c-f90c6cec1a44
|t 0
|
| 952 |
f |
f |
|p normal
|a Texas A&M University
|b College Station
|c Sterling C. Evans Library
|d Evans: Library Stacks
|t 0
|e N7680 .U8 1962
|h Library of Congress classification
|i unmediated -- volume
|m A14812583980
|
| 998 |
f |
f |
|a N7680 .U8 1962
|t 0
|l Evans: Library Stacks
|